Agustín Yáñez : intérprete de la novela mexicana moderna /

Agustín Yáñez (1904-1980), escritor y político jalisciense. Gobernador de su estado natal 1953-1959. Premio Nacional de Ciencias y Artes en 1973. Miembro de la Academia Mexicana de la Lengua. Obras: Barlipton (1931), Espejismo de Juchitán (1940), Flor de juegos antiguos (1942), Pasión y covalecencia...

Повний опис

Збережено в:
Бібліографічні деталі
Автор: Conant, Linda M. van (autor)
Формат: Книга
Мова:Іспанська
Опубліковано: México : Porrúa, 1969, c1969
Предмети:
Теги: Додати тег
Немає тегів, Будьте першим, хто поставить тег для цього запису!

MARC

LEADER 00000nam^a2200000^a^4500
001 000141627
005 20250521000000.0
009 20260310095622.033
037 |a Acervo ITESO - Biblioteca 
041 |a ESP 
082 |a 860. 97206  |b CON 
100 |a Conant, Linda M. van  |e (autor) 
245 1 0 |a Agustín Yáñez :  |b intérprete de la novela mexicana moderna /  |c L.M. van Conant. 
264 4 |a México :  |b Porrúa,  |c 1969, c1969 
300 |a 169 p. 
336 |a texto  |b txt  |2 rdacontenido 
337 |a sin mediación  |b n  |2 rdamedio 
338 |a volumen  |b nc  |2 rdasoporte 
520 |a Agustín Yáñez (1904-1980), escritor y político jalisciense. Gobernador de su estado natal 1953-1959. Premio Nacional de Ciencias y Artes en 1973. Miembro de la Academia Mexicana de la Lengua. Obras: Barlipton (1931), Espejismo de Juchitán (1940), Flor de juegos antiguos (1942), Pasión y covalecencia (1943), Archipiélago de mujeres (1943), Al filo del agua (1947), La creación (1959), La tierra pródiga (1960), Las tierras flacas (1962), Las vueltas del tiempo (1973); sus ensayos: Discursos por Jalisco (1958), De la naturaleza y carácter de la literatura mexicana (1960), entre otras. 
649 |a XX 
650 |a Escritores Jaliscienses 
650 |a Escritores Mexicanos 
650 |a Novela Jalisciense -  |x Historia y Crítica 
650 |a Novela Mexicana -  |x Historia y Crítica 
650 |a Literatura Jalisciense -  |x Historia y Crítica 
650 |a Literatura Mexicana -  |x Historia y Crítica 
650 |a Literatura Jalisciense -  |y Siglo XX 
650 |a Literatura Mexicana -  |y Siglo XX 
650 |a Yáñez, Agustín 
910 |a Fondo Salvador Reynoso Reynoso 
920 |a Impresos - Libros 
930 |a Fondos Especiales 
940 |a Literatura 
905 |a 112 
901 |a 0800015155  |b IT2  |c ESP  |u 20250521 
902 |a https://opac.biblio.iteso.mx/vufind/Record/000141627